[Event "DVM U10 2013"]
[Site "Magdeburg GER"]
[Date "2013.12.27"]
[Round "1"]
[White "Mirschel, Thaddeus"]
[Black "Creß, Bastian"]
[Result "0-1"]
[Termination "normal"]
[Board "17.1"]
[WhiteElo "774"]
[BlackElo "1302"]
[WhiteTeam "Schachzwerge Magdeburg 2"]
[BlackTeam "SG Blau-Weiß Stadtilm 1"]
[WhiteFideId "16277570"]
[BlackFideId "16208846"]
[EventCountry "GER"]
[EventRounds "6"]
[EventType "team-swiss"]
[EventDate "2013.12.27"]

1. e4 e5 2. Nf3 Nc6 3. Bc4 Bc5 4. d3 h6 5. Nc3 Nf6 6. Bd2 d6 7. h3 Be6 8. Bxe6
fxe6 9. Qc1 Qd7 10. O-O O-O-O 11. Be3 Bb6 12. Bxb6 axb6 13. b3 g5 14. Qa3 Kb8
15. Rfb1 Rdg8 16. Nb5 Na5 17. Nd2 Qxb5 18. c4 Qd7 19. b4 Nc6 20. b5 Nd4 21. Rb2
g4 22. Kh2 gxh3 23. gxh3 Qg7 24. Rbb1 Qg2# 0-1

[Event "DVM U10 2013"]
[Site "Magdeburg GER"]
[Date "2013.12.27"]
[Round "1"]
[White "Rapp, Lukas"]
[Black "Heutling, Elina"]
[Result "1-0"]
[Termination "normal"]
[Board "17.2"]
[WhiteElo "1058"]
[BlackElo "850"]
[WhiteTeam "SG Blau-Weiß Stadtilm 1"]
[BlackTeam "Schachzwerge Magdeburg 2"]
[WhiteFideId "12989320"]
[BlackFideId "16244729"]
[EventCountry "GER"]
[EventRounds "6"]
[EventType "team-swiss"]
[EventDate "2013.12.27"]

1. Nf3 d5 2. d3 Nc6 3. Nbd2 Nf6 4. g3 Bf5 5. Bg2 e6 6. O-O Bc5 7. c3 O-O 8. Re1
d4 9. Nb3 Bb6 10. Nfxd4 Bxd4 11. Bxc6 bxc6 12. Nxd4 c5 13. Nxf5 exf5 14. Qa4
Ng4 15. h3 Ne5 16. Be3 Qd6 17. Qb5 Rab8 18. Qxc5 Qxc5 19. Bxc5 Rxb2 20. Bxf8
Kxf8 21. f4 Nc6 22. e4 fxe4 23. Rxe4 Rd2 24. Rae1 f6 25. Rc4 Na5 26. Rxc7 Rxd3
27. Rxa7 Rxg3+ 28. Kh2 Rxc3 29. Rxa5 Rc2+ 30. Kg1 Rc4 31. Ra8+ Kf7 32. f5 g6
33. Ra7+ Kf8 34. Rd1 Rc8 35. Rd6 Re8 36. Rxf6+ Kg8 37. Re6 Rxe6 38. fxe6 Kf8
39. Rxh7 Ke8 40. a4 Kd8 41. a5 1-0

[Event "DVM U10 2013"]
[Site "Magdeburg GER"]
[Date "2013.12.27"]
[Round "1"]
[White "Joppich, Til"]
[Black "Werner, Linus"]
[Result "0-1"]
[Termination "normal"]
[Board "17.3"]
[WhiteElo "600"]
[BlackElo "892"]
[WhiteTeam "Schachzwerge Magdeburg 2"]
[BlackTeam "SG Blau-Weiß Stadtilm 1"]
[WhiteFideId "16232917"]
[EventCountry "GER"]
[EventRounds "6"]
[EventType "team-swiss"]
[EventDate "2013.12.27"]

1. e4 e5 2. Nf3 Nc6 3. Nc3 Nf6 4. Bb5 Bc5 5. O-O O-O 6. d3 h6 7. Be3 Bb6 8.
Bxb6 axb6 9. d4 exd4 10. Nxd4 Re8 11. Re1 Ra7 12. Nd5 Nxe4 13. Nxc6 dxc6 14.
Bc4 cxd5 15. Bxd5 c6 16. Bxe4 Qxd1 17. Raxd1 f5 18. Bf3 Rf8 19. Bh5 Rxa2 20.
Rb1 f4 21. Bg6 Bf5 22. Bxf5 Rxf5 23. Re8+ Rf8 24. Rxf8+ Kxf8 25. g3 f3 26. g4
Kf7 27. Rd1 Ke6 28. Rb1 Kd5 29. c3 Kc4 30. Kf1 Kd3 31. Rd1+ Kc2 32. Ke1 Rxb2
33. c4 Rb1 34. Rxb1 Kxb1 35. Kd2 Kb2 36. Kd3 Kb3 37. Kd4 Kb4 38. Ke5 Kxc4 0-1

[Event "DVM U10 2013"]
[Site "Magdeburg GER"]
[Date "2013.12.27"]
[Round "1"]
[White "Pflugradt, Natalie"]
[Black "Weber, Willi"]
[Result "1-0"]
[Termination "normal"]
[Board "17.4"]
[WhiteElo "878"]
[BlackElo "600"]
[WhiteTeam "SG Blau-Weiß Stadtilm 1"]
[BlackTeam "Schachzwerge Magdeburg 2"]
[WhiteFideId "16212444"]
[EventCountry "GER"]
[EventRounds "6"]
[EventType "team-swiss"]
[EventDate "2013.12.27"]

1. e4 e5 2. Nf3 Nc6 3. Bc4 f6 4. Nc3 Nd4 5. Nxd4 exd4 6. Ne2 c5 7. d3 Qa5+ 8.
Bd2 Qb6 9. O-O Qxb2 10. Rb1 Qa3 11. Bc1 Qa5 12. Rb5 Qa6 13. Rb2 b5 14. Bxb5 Qe6
15. Bc4 Qg4 16. f3 Qh4 17. Ng3 Bb7 18. Rxb7 Bd6 19. f4 Nh6 20. Bb5 Ng4 21.
Bxd7+ Kf8 22. Bxg4 h5 23. Be6 Rb8 24. Rf7+ Kg8 25. Rd7+ Kf8 26. Rxd6 Rb1 27.
Nf5 Rxc1 28. Nxh4 Rxd1 29. Rxd1 g5 30. Ng6+ Kg7 31. Nxh8 Kxh8 32. e5 gxf4 33.
exf6 a5 34. f7 Kh7 35. Bf5+ Kh8 36. f8=Q# 1-0

[Event "DVM U10 2013"]
[Site "Magdeburg GER"]
[Date "2013.12.27"]
[Round "1"]
[White "Triantafillidis, Simeon"]
[Black "Heyne, Patrick"]
[Result "1-0"]
[Termination "normal"]
[Board "18.1"]
[WhiteElo "1361"]
[BlackElo "840"]
[WhiteTeam "SF HN-Biberach 1978"]
[BlackTeam "SC 1994 Oberland 2"]
[WhiteFideId "12953113"]
[EventCountry "GER"]
[EventRounds "6"]
[EventType "team-swiss"]
[EventDate "2013.12.27"]

1. e4 e5 2. Nf3 Nc6 3. Bc4 Nf6 4. Ng5 d5 5. exd5 Na5 6. Bb5+ c6 7. dxc6 bxc6 8.
Bd3 h6 9. Ne4 Nxe4 10. Bxe4 Bc5 11. O-O Qf6 12. Nc3 Ba6 13. d3 O-O 14. Be3 Bd6
15. a3 Bb7 16. b4 c5 17. bxa5 Bxe4 18. Nxe4 Qe6 19. Bxc5 Bxc5 20. Nxc5 Qc6 21.
Ne4 Rad8 22. Qe2 Rd4 23. Ng3 f5 24. Qxe5 Rd5 25. Qb2 f4 26. Ne4 f3 27. Qc3 Qg6
28. g3 Qf5 29. Kh1 Rc8 30. Qb3 Rcd8 31. Nc3 Kh7 32. Nxd5 Re8 33. Rfe1 Qh3 34.
Nf4 Qd7 35. Rxe8 Qxe8 36. d4 Qe4 37. Qd5 Qxc2 38. Qxf3 Qb2 39. Rd1 1-0

[Event "DVM U10 2013"]
[Site "Magdeburg GER"]
[Date "2013.12.27"]
[Round "1"]
[White "Valenta, Hannes"]
[Black "Melzig, Antonio"]
[Result "0-1"]
[Termination "normal"]
[Board "18.2"]
[WhiteElo "833"]
[BlackElo "1024"]
[WhiteTeam "SC 1994 Oberland 2"]
[BlackTeam "SF HN-Biberach 1978"]
[BlackFideId "16235193"]
[EventCountry "GER"]
[EventRounds "6"]
[EventType "team-swiss"]
[EventDate "2013.12.27"]

1. e4 e5 2. Nf3 Nc6 3. Bc4 Nf6 4. Ng5 d5 5. exd5 Na5 6. Bb5+ c6 7. dxc6 bxc6 8.
Be2 Nd5 9. d3 h6 10. Nf3 Bg4 11. Nxe5 Bxe2 12. Qxe2 Be7 13. O-O O-O 14. Qg4 Bg5
15. Bxg5 Qxg5 16. Qxg5 hxg5 17. Nc3 Nxc3 18. bxc3 Rfe8 19. Rfe1 Re6 20. h3 Rae8
21. d4 f6 22. Nd3 Rxe1+ 23. Rxe1 Rxe1+ 24. Nxe1 Nc4 25. Nd3 Na3 26. Nb4 Kf7 27.
Nxc6 a6 28. d5 Nxc2 29. c4 Ke8 30. d6 Kd7 31. Na5 Kxd6 32. Nb3 Na3 33. Nd4 g6
34. Ne2 Nxc4 35. g3 a5 36. h4 gxh4 37. gxh4 Ne5 38. Nf4 Kc5 39. h5 gxh5 40.
Nxh5 Kb4 41. Nf4 Ka3 42. Kf1 Kxa2 43. Ke1 Kb2 44. Kd2 a4 45. Ne2 a3 46. Nc3
Nc4+ 47. Kd3 Ne5+ 48. Kd2 Ng4 49. f4 f5 50. Kd3 Nf2+ 51. Kd2 Nh3 52. Kd3 Nxf4+
53. Kc4 Nh3 54. Kb4 a2 55. Nxa2 Kxa2 0-1

[Event "DVM U10 2013"]
[Site "Magdeburg GER"]
[Date "2013.12.27"]
[Round "1"]
[White "Gerold, Robin"]
[Black "Seibt, Bruno"]
[Result "1-0"]
[Termination "normal"]
[Board "18.3"]
[WhiteElo "995"]
[BlackElo "767"]
[WhiteTeam "SF HN-Biberach 1978"]
[BlackTeam "SC 1994 Oberland 2"]
[WhiteFideId "16235185"]
[BlackFideId "16219988"]
[EventCountry "GER"]
[EventRounds "6"]
[EventType "team-swiss"]
[EventDate "2013.12.27"]

1. e4 e5 2. Nf3 Nc6 3. Bb5 Nf6 4. d3 a6 5. Bxc6 dxc6 6. O-O Bd6 7. Nc3 O-O 8.
Bg5 Be6 9. Qe2 Qe7 10. Rad1 b5 11. a3 c5 12. b4 cxb4 13. axb4 Bxb4 14. Qd2 Rad8
15. Nxe5 c5 16. Nc6 Qd7 17. Nxd8 Qxd8 18. e5 h6 19. Bh4 c4 20. exf6 gxf6 21. h3
Kg7 22. Rfe1 Bf5 23. Re3 Bg6 24. dxc4 Qxd2 25. Rxd2 Bxc3 26. Rxc3 bxc4 27. Rxc4
f5 28. Rd8 Rxd8 29. Bxd8 f6 30. Rc6 f4 31. Bxf6+ Kh7 32. Rxa6 Bxc2 33. Ra4 Bxa4
34. Be5 f3 35. gxf3 Bc6 36. Kg2 Kg6 37. Kg3 Kf5 38. f4 Kg6 39. f3 h5 40. h4 Bd7
41. Bd6 Kf6 42. Bf8 Kf7 43. Bh6 Bf5 44. Bg5 Kg7 45. Kf2 Kf7 46. Ke3 Ke6 47. Kd4
Bh3 48. Ke4 Bf5+ 49. Ke3 Kd5 50. Bf6 Bg6 51. Be5 1-0

[Event "DVM U10 2013"]
[Site "Magdeburg GER"]
[Date "2013.12.27"]
[Round "1"]
[White "Lehns, Adrian"]
[Black "Dittmar, Elia"]
[Result "1/2-1/2"]
[Termination "normal"]
[Board "18.4"]
[WhiteElo "758"]
[BlackElo "783"]
[WhiteTeam "SC 1994 Oberland 2"]
[BlackTeam "SF HN-Biberach 1978"]
[BlackFideId "16269098"]
[EventCountry "GER"]
[EventRounds "6"]
[EventType "team-swiss"]
[EventDate "2013.12.27"]

1. e4 e5 2. Nf3 Nc6 3. Bc4 Nd4 4. Nxd4 exd4 5. c3 dxc3 6. dxc3 Bc5 7. b4 Bb6 8.
Qf3 Nf6 9. Bg5 d6 10. Bxf6 Qxf6 11. Qxf6 gxf6 12. O-O Rg8 13. Bd5 c6 14. Bc4
Bh3 15. Kh1 Bxg2+ 16. Kg1 Bxf1+ 17. Kxf1 O-O-O 18. Bxf7 Rg7 19. Be6+ Kc7 20.
Na3 Rg4 21. Bxg4 Rg8 22. Be6 Rg6 23. b5 Bc5 24. Rb1 Bxa3 25. Bf5 Rg5 26. Bxh7
d5 27. exd5 cxd5 28. Rb3 Bc5 29. a3 a6 30. bxa6 bxa6 31. Bd3 a5 32. Rb5 Bxa3
33. Rxa5 Bb2 34. Rc5+ Kd6 35. Rc8 d4 36. Rd8+ Ke5 37. cxd4+ Bxd4 38. Re8+ Kd5
39. Rd8+ Kc5 40. Rc8+ Kb4 41. Rc4+ Kb3 42. Rxd4 Kc3 43. Rd8 Kd2 44. Bf5+ Kc3
45. Rd3+ Kc4 46. Be4 f5 47. h4 Rh5 48. Rd5 fxe4 1/2-1/2

[Event "DVM U10 2013"]
[Site "Magdeburg GER"]
[Date "2013.12.27"]
[Round "1"]
[White "Tünte, Henning"]
[Black "Hoffmann, Simon"]
[Result "1-0"]
[Termination "normal"]
[Board "19.1"]
[WhiteElo "790"]
[BlackElo "1193"]
[WhiteTeam "SG Turm Raesfeld/Erle 2"]
[BlackTeam "USC Magdeburg"]
[BlackFideId "12979686"]
[EventCountry "GER"]
[EventRounds "6"]
[EventType "team-swiss"]
[EventDate "2013.12.27"]

1. e4 e5 2. Nf3 Nc6 3. Bc4 Bc5 4. c3 Nf6 5. d4 exd4 6. cxd4 Bb4+ 7. Bd2 Bxd2+
8. Qxd2 d6 9. Nc3 O-O 10. O-O-O a6 11. Rhe1 Bg4 12. h3 Bxf3 13. gxf3 Na5 14.
Bd3 b5 15. e5 dxe5 16. dxe5 Nh5 17. Bf5 Qxd2+ 18. Rxd2 Rad8 19. Red1 Rxd2 20.
Rxd2 g6 21. Bd7 Rd8 22. e6 Kf8 23. Ne4 fxe6 24. Nc5 Ke7 25. Bxe6 Rxd2 26. Kxd2
Kd6 27. b4 Nc6 28. Kc3 a5 29. a3 axb4+ 30. axb4 Nf4 31. Bg4 Nd5+ 32. Kb3 Ncxb4
33. Nb7+ Ke5 34. Nd8 c5 35. Be6 c4+ 36. Kb2 Nd3+ 37. Kb1 b4 38. Bg8 Nc3+ 39.
Kc2 b3+ 40. Kxc3 b2 41. Kc2 Kd4 42. Ne6+ Kd5 43. Nf4+ Kd4 44. Nxd3 cxd3+ 45.
Kxb2 h5 46. Bf7 h4 47. Bxg6 Kc4 48. Kc1 Kc3 49. f4 Kd4 50. f5 Ke5 51. Kd2 Kd6
52. Kxd3 Ke5 53. Ke3 Kf6 54. Kf4 Kg7 55. Kg5 Kg8 56. Kxh4 Kh8 57. Be8 Kg7 58.
Kg4 Kf8 59. Ba4 Kg8 60. Kg5 Kg7 61. h4 Kg8 62. Kg6 Kh8 63. f6 Kg8 64. Kf5 Kf7
65. Bb3+ Kf8 66. Ke6 Ke8 67. h5 Kf8 68. h6 Kg8 69. Ke7+ Kh8 70. f7 Kh7 71. f8=Q
Kg6 72. Qf6+ Kh5 73. Qg5+ Kxg5 74. h7 Kg6 75. h8=Q Kg5 76. Qf6+ Kh5 77. Bd1#
1-0

[Event "DVM U10 2013"]
[Site "Magdeburg GER"]
[Date "2013.12.27"]
[Round "1"]
[White "Schmidt, Friedrich"]
[Black "Langenhorst, Janis"]
[Result "1-0"]
[Termination "normal"]
[Board "19.2"]
[WhiteElo "1073"]
[BlackElo "600"]
[WhiteTeam "USC Magdeburg"]
[BlackTeam "SG Turm Raesfeld/Erle 2"]
[EventCountry "GER"]
[EventRounds "6"]
[EventType "team-swiss"]
[EventDate "2013.12.27"]

1. e4 e5 2. Nf3 Nc6 3. Bc4 Bc5 4. c3 Bb6 5. d4 f6 6. Be3 d6 7. Nbd2 Bg4 8. O-O
Na5 9. Bb3 Nxb3 10. Qxb3 Qe7 11. Rad1 Be6 12. Qa4+ c6 13. c4 d5 14. cxd5 Bg4
15. dxc6 bxc6 16. Qxc6+ Bd7 17. Qxa8+ Bd8 18. Qxa7 Qf7 19. Rc1 Qg6 20. Nc4 Bh3
21. Nd6+ Kf8 22. Qf7+ Qxf7 23. Nxf7 Kxf7 24. gxh3 Bb6 25. Rc8 h5 26. b4 g5 27.
a4 exd4 28. Bxd4 Bxd4 29. Nxd4 g4 30. hxg4 hxg4 31. Rc7+ Kg6 32. a5 Nh6 33. f3
Rb8 34. Rb1 f5 35. exf5+ Nxf5 36. Nxf5 Kxf5 37. fxg4+ Kxg4 38. b5 Ra8 39. Rg7+
Kf5 40. a6 Kf6 41. Rd7 Ke6 42. Rd2 Rb8 43. Rb3 Rc8 44. Re3+ Kf5 45. Rf2+ Kg4
46. Rg3+ 1-0

[Event "DVM U10 2013"]
[Site "Magdeburg GER"]
[Date "2013.12.27"]
[Round "1"]
[White "Wenning, Thilo"]
[Black "Schmidt, Richard"]
[Result "0-1"]
[Termination "normal"]
[Board "19.3"]
[WhiteElo "600"]
[BlackElo "985"]
[WhiteTeam "SG Turm Raesfeld/Erle 2"]
[BlackTeam "USC Magdeburg"]
[EventCountry "GER"]
[EventRounds "6"]
[EventType "team-swiss"]
[EventDate "2013.12.27"]

1. e4 c5 2. Nf3 Nc6 3. Bc4 e6 4. d3 g6 5. Ng5 Bg7 6. Qf3 Nf6 7. Nxf7 Kxf7 8.
Bg5 Rf8 9. Bxf6 Bxf6 10. e5 Nxe5 11. Qh3 Kg8 12. Bxe6+ dxe6 13. Nc3 Nc6 14. Ne4
e5 15. O-O Bxh3 16. f4 Bf5 17. Ng3 c4 18. Rad1 cxd3 19. Rf3 e4 20. Re3 Nb4 21.
Nxe4 Re8 22. cxd3 Bd4 23. Kf2 Nc2 24. Nf6+ Qxf6 25. Kf3 Nxe3 26. g4 Nxd1 27.
gxf5 Re3+ 28. Kg4 h5# 0-1

[Event "DVM U10 2013"]
[Site "Magdeburg GER"]
[Date "2013.12.27"]
[Round "1"]
[White "Hoffmann, Siegfried"]
[Black "Mühl, Sophia"]
[Result "1-0"]
[Termination "normal"]
[Board "19.4"]
[WhiteElo "792"]
[BlackElo "600"]
[WhiteTeam "USC Magdeburg"]
[BlackTeam "SG Turm Raesfeld/Erle 2"]
[WhiteFideId "16252268"]
[EventCountry "GER"]
[EventRounds "6"]
[EventType "team-swiss"]
[EventDate "2013.12.27"]

1. e4 e5 2. Nf3 Nc6 3. Bc4 Nf6 4. d3 Bc5 5. Bg5 d5 6. Bxd5 O-O 7. h3 h6 8. Bh4
Be6 9. Nc3 Nb4 10. Bxb7 Rb8 11. Bd5 Nbxd5 12. exd5 Nxd5 13. Bxd8 Rfxd8 14. O-O
Nf4 15. Qd2 Nxd3 16. cxd3 Bc4 17. Nxe5 Bd4 18. Nxc4 Re8 19. Rfe1 Rbc8 20. Qf4
Red8 21. Qe4 c5 22. Rab1 f6 23. Qe6+ Kh8 24. Nd6 Rc6 25. Nf7+ Kh7 26. Qf5+ Kg8
27. Nxd8 Rd6 28. Re8# 1-0

[Event "DVM U10 2013"]
[Site "Magdeburg GER"]
[Date "2013.12.27"]
[Round "1"]
[White "Currenti, Alessandro"]
[Black "Kotliarevski, Dennis"]
[Result "0-1"]
[Termination "normal"]
[Board "20.2"]
[WhiteElo "720"]
[BlackElo "1021"]
[WhiteTeam "Schachzwerge Magdeburg 3"]
[BlackTeam "SV Caissa Kassel"]
[WhiteFideId "12998907"]
[BlackFideId "12995371"]
[EventCountry "GER"]
[EventRounds "6"]
[EventType "team-swiss"]
[EventDate "2013.12.27"]

1. e4 e5 2. Nf3 Nc6 3. Bc4 Bc5 4. Nc3 d6 5. d3 Nf6 6. Ng5 O-O 7. O-O h6 8. Nf3
Bg4 9. h3 Be6 10. Nd5 Na5 11. Bd2 Nxc4 12. dxc4 Nxe4 13. Bc1 Qd7 14. Nh2 Bxh3
15. gxh3 Qxh3 16. Ne7+ Kh8 17. Qf3 Ng3 18. Qg4 Qxg4 19. Nxg4 Nxf1 20. Kxf1 d5
21. cxd5 Bxe7 22. c4 h5 23. Nxe5 g5 24. Nd7 Rg8 25. c5 h4 26. d6 cxd6 27. cxd6
Bxd6 28. Nf6 Rg6 29. Ne4 g4 {nicht mehr nachvollziehbar} 0-1

[Event "DVM U10 2013"]
[Site "Magdeburg GER"]
[Date "2013.12.27"]
[Round "1"]
[White "Simukov, Erik"]
[Black "Prick, Paul"]
[Result "1/2-1/2"]
[Termination "normal"]
[Board "20.3"]
[WhiteElo "813"]
[BlackElo "779"]
[WhiteTeam "SV Caissa Kassel"]
[BlackTeam "Schachzwerge Magdeburg 3"]
[WhiteFideId "12995380"]
[EventCountry "GER"]
[EventRounds "6"]
[EventType "team-swiss"]
[EventDate "2013.12.27"]

1. e4 e5 2. Nf3 Nc6 3. Bc4 Bc5 4. d3 Nf6 5. O-O d6 6. h3 Bd7 7. Be3 Bxe3 8.
fxe3 O-O 9. Nc3 Be6 10. Bb3 Bxb3 11. axb3 h6 12. d4 exd4 13. exd4 d5 14. exd5
Nxd5 15. Nxd5 Qxd5 16. c4 Qd6 17. Re1 Rae8 18. Rxe8 Rxe8 19. d5 Qc5+ 20. Kh1
Nb8 21. Ra4 b5 22. Ra5 a6 23. cxb5 axb5 24. Qd4 Qxd4 25. Nxd4 Re1+ 26. Kh2 Rb1
27. Rxb5 Nd7 28. Rb7 Rxb2 29. Rxc7 Rd2 30. b4 Rxd4 31. Rxd7 Rxb4 32. Rd8+ Kh7
33. d6 Rb5 34. d7 Rd5 35. Kg3 f5 36. Kf4 g6 1/2-1/2

[Event "DVM U10 2013"]
[Site "Magdeburg GER"]
[Date "2013.12.27"]
[Round "1"]
[White "Telesh, Volodymyr"]
[Black "Del Rio, Miguel"]
[Result "0-1"]
[Termination "normal"]
[Board "20.4"]
[WhiteElo "768"]
[BlackElo "885"]
[WhiteTeam "Schachzwerge Magdeburg 3"]
[BlackTeam "SV Caissa Kassel"]
[EventCountry "GER"]
[EventRounds "6"]
[EventType "team-swiss"]
[EventDate "2013.12.27"]

1. e4 e5 2. Nc3 Nc6 3. Bb5 Nf6 4. Nf3 Bb4 5. d3 d6 6. Bg5 Bxc3+ 7. bxc3 O-O 8.
O-O h6 9. Bh4 a6 10. Ba4 b5 11. Bb3 a5 12. c4 a4 13. Bxa4 bxa4 14. Bxf6 Qxf6
15. c3 Qg6 16. h3 Bxh3 17. Nh4 Qf6 18. Re1 Ne7 19. Re3 Nc8 20. Rf3 Qg5 21. Qc1
Qh5 22. Qe3 f6 23. g4 Qxg4+ 24. Rg3 Qd7 25. Rxh3 Ra7 26. Qg3 Kh8 27. Ng6+ Kg8
28. d4 Re8 29. Nh4 g5 30. Nf3 Kg7 31. Nd2 Rb7 32. Qg2 Rb2 33. Nf3 Rc2 34. Ne1
Rb2 35. Rc1 Rxa2 36. Nc2 Nb6 37. Qf1 Nxc4 38. Ra1 Rxc2 39. Rxa4 Qxa4 40. dxe5
dxe5 41. Kg2 Nd2 42. Qe2 Nxe4 43. Qf3 Nxc3 44. Rg3 e4 45. Qf5 Re5 46. Qg4 e3
47. Kh3 exf2 48. Kg2 Qc6+ 49. Kh3 0-1

[Event "DVM U10 2013"]
[Site "Magdeburg GER"]
[Date "2013.12.27"]
[Round "1"]
[White "Kittelmann, Anton"]
[Black "Adelmeyer, Matti"]
[Result "0-1"]
[Termination "normal"]
[Board "21.1"]
[WhiteElo "867"]
[BlackElo "1178"]
[WhiteTeam "SG Blau-Weiß Stadtilm 2"]
[BlackTeam "SG Döllnitz"]
[BlackFideId "12962520"]
[EventCountry "GER"]
[EventRounds "6"]
[EventType "team-swiss"]
[EventDate "2013.12.27"]

1. e4 e5 2. Nf3 Nc6 3. Bc4 Bc5 4. d3 Nf6 5. Nc3 O-O 6. Be3 Bb4 7. a3 Bxc3+ 8.
bxc3 d5 9. exd5 Nxd5 10. Qd2 Bf5 11. d4 e4 12. Ne5 Na5 13. Be2 f6 14. Nc4 Nxc4
15. Bxc4 Kh8 16. Bb3 c6 17. c4 Nb6 18. a4 a5 19. Qe2 Bg6 20. O-O-O f5 21. Bf4
Qe8 22. Be5 Nd7 23. Bd6 Rf6 24. c5 Bh5 25. f3 exf3 26. Qxe8+ Rxe8 27. Rd2 fxg2
28. Rxg2 Bf3 29. Rhg1 Bxg2 30. Rxg2 b6 31. Rg1 Re4 32. c3 bxc5 33. dxc5 Ne5 34.
Rd1 Nc4 35. Bg3 h6 36. Bc2 Re8 37. Bh4 g5 38. Bf2 Kh7 39. Rd7+ Kg6 40. Bd4 Rfe6
41. Kb1 Rb8+ 42. Kc1 Rb2 43. Bf2 Re2 44. Bg3 Rbxc2+ 45. Kd1 Nb2# 0-1

[Event "DVM U10 2013"]
[Site "Magdeburg GER"]
[Date "2013.12.27"]
[Round "1"]
[White "Hundrieser, Malte"]
[Black "Wilhelm, Anna-Lena"]
[Result "1-0"]
[Termination "normal"]
[Board "21.2"]
[WhiteElo "1224"]
[BlackElo "793"]
[WhiteTeam "SG Döllnitz"]
[BlackTeam "SG Blau-Weiß Stadtilm 2"]
[WhiteFideId "12997153"]
[BlackFideId "16230094"]
[EventCountry "GER"]
[EventRounds "6"]
[EventType "team-swiss"]
[EventDate "2013.12.27"]

1. c4 Nf6 2. Nc3 e5 3. g3 Bc5 4. Bg2 Nc6 5. d3 d6 6. Nf3 Bg4 7. O-O Qd7 8. Re1
O-O-O 9. Ng5 Rdg8 10. Nce4 Bd4 11. Rb1 Bf5 12. Nxf6 gxf6 13. Ne4 Qe6 14. b4 d5
15. cxd5 Bxf2+ 16. Kxf2 Qxd5 17. Nxf6 Qd4+ 18. Be3 Qd8 19. Nxg8 Qxg8 20. b5 Na5
21. Rc1 Qg6 22. Qc2 c6 23. bxc6 bxc6 24. Bxc6 Nxc6 25. Qxc6+ Qxc6 26. Rxc6+ Kd7
27. Ra6 Kc8 28. Rc1+ Kd8 29. Rxa7 Ke8 30. Ra8+ Ke7 31. Rxh8 Be6 32. Bg5+ f6 33.
Rxh7+ Kd8 34. Bxf6+ Ke8 35. Rb1 Bc8 36. Rb8 Kf8 37. Rxc8# 1-0

[Event "DVM U10 2013"]
[Site "Magdeburg GER"]
[Date "2013.12.27"]
[Round "1"]
[White "Schmidt, Pauline"]
[Black "Wittig, Marten"]
[Result "0-1"]
[Termination "normal"]
[Board "21.3"]
[WhiteElo "729"]
[BlackElo "749"]
[WhiteTeam "SG Blau-Weiß Stadtilm 2"]
[BlackTeam "SG Döllnitz"]
[WhiteFideId "16209850"]
[EventCountry "GER"]
[EventRounds "6"]
[EventType "team-swiss"]
[EventDate "2013.12.27"]

1. e4 e5 2. Nf3 Nc6 3. Bc4 Bb4 4. Nc3 d6 5. h3 Nf6 6. d3 O-O 7. Bg5 Bxc3+ 8.
bxc3 b6 9. O-O Bb7 10. Rb1 Na5 11. Bb3 Nxb3 12. cxb3 d5 13. exd5 Bxd5 14. c4
Bxf3 15. Qxf3 h6 16. Bh4 Qd6 17. Rbd1 Nd7 18. Qg3 Nc5 19. Rfe1 Rad8 20. Re3 Rd7
21. Rf3 f6 22. Qg6 e4 23. Bg3 Qd4 24. Re3 exd3 25. Rde1 d2 26. Rd1 c6 27. Qg4
Qxg4 28. hxg4 f5 29. gxf5 Rxf5 30. Re8+ Kh7 31. Bh4 Rd4 32. b4 Na4 33. g3 Nb2
34. Rd8 Rxd8 35. Bxd8 Nxd1 36. Kf1 Nb2 37. Ke2 d1=Q+ 38. Ke3 Nxc4+ 39. Ke4 Qd5#
0-1

[Event "DVM U10 2013"]
[Site "Magdeburg GER"]
[Date "2013.12.27"]
[Round "1"]
[White "Meurer, Calvin"]
[Black "Gölitz, Lia"]
[Result "0-1"]
[Termination "normal"]
[Board "21.4"]
[WhiteElo "783"]
[BlackElo "755"]
[WhiteTeam "SG Döllnitz"]
[BlackTeam "SG Blau-Weiß Stadtilm 2"]
[BlackFideId "16230116"]
[EventCountry "GER"]
[EventRounds "6"]
[EventType "team-swiss"]
[EventDate "2013.12.27"]

1. e4 e5 2. Nf3 Nc6 3. Bb5 a6 4. Bxc6 bxc6 5. Nxe5 Bc5 6. d4 Bb4+ 7. Bd2 Bxd2+
8. Nxd2 Nf6 9. O-O Bb7 10. Ng4 O-O 11. Nxf6+ Qxf6 12. e5 Qe7 13. Ne4 c5 14. d5
Qxe5 15. f3 Bxd5 16. Qd2 Rab8 17. b3 Bxe4 18. fxe4 Qxe4 19. Qxd7 Qxc2 20. Rxf7
Rxf7 21. Qe6 Rbf8 22. h3 Qd2 23. Rf1 Qd4+ 24. Kh1 Qh4 25. Rxf7 Rxf7 26. Qe8+
Rf8 27. Qe6+ Kh8 28. Kh2 Rf6 29. Qe8+ Rf8 30. Qe6 Qd8 31. Qxa6 Rf6 0-1

[Event "DVM U10 2013"]
[Site "Magdeburg GER"]
[Date "2013.12.27"]
[Round "1"]
[White "Stimatz, Ravi"]
[Black "von Asow, Till"]
[Result "1/2-1/2"]
[Termination "normal"]
[Board "22.1"]
[WhiteElo "1067"]
[BlackElo "811"]
[WhiteTeam "SK Bremen-West"]
[BlackTeam "Spvgg Rommelshausen"]
[WhiteFideId "12965251"]
[BlackFideId "16257162"]
[EventCountry "GER"]
[EventRounds "6"]
[EventType "team-swiss"]
[EventDate "2013.12.27"]

1. e4 e5 2. Nf3 Nc6 3. Bb5 a6 4. Ba4 b5 5. Bb3 Nf6 6. Nc3 Bc5 7. O-O O-O 8. d3
d6 9. Bg5 Bg4 10. h3 Bh5 11. Nd5 Nd4 12. Nxf6+ gxf6 13. Bh6 Re8 14. g4 Bg6 15.
Bd5 c6 16. Nxd4 cxd5 17. Nc6 Qc7 18. exd5 e4 19. d4 Bb6 20. c3 f5 21. Nb4 a5
22. Nc2 Qd8 23. Ne3 Qh4 24. Bf4 Qxh3 25. gxf5 Bxf5 26. Nxf5 Qxf5 27. Bxd6 Qg6+
28. Bg3 e3 29. Kg2 exf2 30. Rxf2 Kh8 31. Qf3 Ra7 32. Kf1 b4 33. Be5+ Rxe5 34.
dxe5 Bxf2 35. Qxf2 Rd7 36. Rd1 f6 37. Qxf6+ Qxf6+ 38. exf6 Rf7 39. Kg1 Rxf6 40.
cxb4 axb4 41. Rd4 Rg6+ 42. Kf1 Rf6+ 43. Ke1 1/2-1/2

[Event "DVM U10 2013"]
[Site "Magdeburg GER"]
[Date "2013.12.27"]
[Round "1"]
[White "Ehmann, Tim"]
[Black "Guse, Jannis"]
[Result "0-1"]
[Termination "normal"]
[Board "22.2"]
[WhiteElo "791"]
[BlackElo "972"]
[WhiteTeam "Spvgg Rommelshausen"]
[BlackTeam "SK Bremen-West"]
[EventCountry "GER"]
[EventRounds "6"]
[EventType "team-swiss"]
[EventDate "2013.12.27"]

1. e4 c6 2. d4 d5 3. exd5 cxd5 4. Nc3 Nf6 5. Nf3 Bf5 6. Bf4 e6 7. Bd3 Bg6 8.
Bxg6 hxg6 9. Bg5 Bd6 10. Qe2 Nc6 11. O-O-O Qc7 12. Nxd5 Nxd5 13. g3 Qb6 14.
Rhg1 Ncb4 15. Rd2 Nxa2+ 16. Kd1 Qxb2 17. Ke1 Bb4 18. Qd1 Nac3 19. Kf1 Nxd1 20.
Rxd1 Qxc2 21. Re1 Bxe1 22. Nxe1 Qc4+ 23. Kg2 Qxd4 24. Kf1 f6 25. Be3 Nxe3+ 26.
fxe3 Qxe3 27. Ng2 Qf3+ 28. Ke1 Rxh2 29. g4 Rxg2 30. Rxg2 Qxg2 31. g5 Rc8 32.
Kd1 fxg5 33. Ke1 Rc1# 0-1

[Event "DVM U10 2013"]
[Site "Magdeburg GER"]
[Date "2013.12.27"]
[Round "1"]
[White "Grone, Marvin"]
[Black "Eisenhardt, Moritz"]
[Result "1-0"]
[Termination "normal"]
[Board "22.3"]
[WhiteElo "1003"]
[BlackElo "600"]
[WhiteTeam "SK Bremen-West"]
[BlackTeam "Spvgg Rommelshausen"]
[EventCountry "GER"]
[EventRounds "6"]
[EventType "team-swiss"]
[EventDate "2013.12.27"]

1. e4 e5 2. Nf3 Nc6 3. Bb5 Bb4 4. a3 Ba5 5. b4 Bb6 6. O-O Nf6 7. Nc3 O-O 8. d3
Ng4 9. h3 Nf6 10. Bg5 h6 11. Bh4 g5 12. Bg3 d5 13. Nxe5 Bd4 14. Nxc6 bxc6 15.
Bxc6 Ba6 16. Bxa8 Qxa8 17. Qd2 Qc8 18. Rab1 g4 19. Kh2 gxh3 20. gxh3 Kh8 21.
Qxh6+ Kg8 22. Nxd5 Qe6 23. Nxf6+ Bxf6 24. Rg1 Qc6 25. Be5+ Bg7 26. Rxg7# 1-0